00381nam a2200109Ia 4500008004000000082001600040100002400056245010000080260004300180300001200223650003600235210210b1980 xxu||||| |||| 00| 0 eng d a336.54 SINU aSINGH (Shailendra). aUnion state financial relations in India: with special reference to the under developed status. aNDbSterling publishers pvt ltd.c1980 axiv,143 aUnion state financial relations